000 00722nam a2200205 i 4500
001 bg
245 0 _aFizyczna modyfikacja twardego polichlorku winylu /
_c[Red. nauk. : Bożena Kolarz].
260 _aWrocław :
_b[Wydawn. Poli. Wrocł.],
_c1974.
300 _as. 78 :
_brys., ilustr., tab.
490 1 _aPrace Nauk. Inst. Technologii Chemicznej i Tworzyw Sztucznych Polit. Wrocł. ;
_vNr 15
500 _a[Streszcz. w jęz. ang. i ros.].
504 _a[Zawiera bibliogr.].
700 1 _aKLARZ, Bożena
830 _aPrace Nauk. Inst. Technologii Chemicznej i Tworzyw Sztucznych Polit. Wrocł. ;
040 _cBPK
041 _apol
080 _a678.7
942 _cKS
008 s pl f |000 0 pol
999 _c26028
_d26028
856 _uhttp://koha.tu.koszalin.pl/cgi-bin/koha/opac-detail.pl?biblionumber=26028
_yKatalog online BPK